000 00766nam a2200229 a 4500
001 49469
003 BD-RjUL
005 20211209054702.0
008 160821s1967 BG |||| |||| 00| 0 ben d
020 _c: Tk. 3.00
035 _a(BD-RjUL)49588
040 _aBD-RjUL
_bben
_cBD-RjUL
041 _aben
082 _223
_a891.443
_bREC 1967
100 1 _aরেজ্জাক, আবদুর
_9148000
245 1 0 _aচলার পথে /
_cআবদুর রেজ্জাক
260 _aময়মনসিংহ :
_bজাহানারা বেগম,
_c১৯৬৭
300 _a[৪], ১২২ পৃ. ;
_b২১ সেমি.
650 _aবাংলা উপন্যাস
_9148001
650 _aBengali Fiction
_9148002
942 _2ddc
_cBK
999 _c49469
_d49469